LEADER 02139nam a2200409 i 4500 001 991000803199707536 008 050203s2000 it aa 001 0 ita d 020 $a8843016474 035 $ab13275318-39ule_inst 040 $aDip.to Beni Culturali $bita 245 12$aL'Africa Romana :$batti del XIII convegno di studio, Djerba, 10-13 dicembre 1998 /$ca cura di Mustapha Khanoussi, Paola Ruggeri e Cinzia Vismara 246 18$aAfrica romana 13 246 33$aGeografi, viaggiatori, militari nel Maghreb alle origini dell'archeologia nel Nord Africa 246 14$aAfrica romana :$bgeografi, viaggiatori, militari nel Maghreb alle origini dell'archeologia nel Nord Africa 250 $a1. ed. 260 $aRoma :$bCarocci editore,$cc2000 300 $a2 v. (1990 p.) ;$c21 cm. 440 0$aCollana del Dipartimento di storia dell'Università degli studi di Sassari ;$v6 440 0$aPubblicazioni del centro di studi interdisciplinari sulle province romane dell'Università degli studi di Sassari 490 1 $aCollana del Dipartimento di storia dell'Università degli studi di Sassari. Nuova serie ;$v6 546 $aTesto in italiano ma anche in inglese, francese, tedesco e spagnolo 650 4$aRomani$zAfrica settentrionale$xStoria$vCongressi 650 4$aArcheologia$zAfrica settentrionale$vCongressi 651 4$aAfrica settentrionale$xStoria$yFino 647$vCongressi 651 4$aAfrica settentrionale$xAntichità romane$vCongressi 700 1 $aKhanoussi, Mustapha 700 1 $aRuggeri, Paola 700 1 $aVismara, Cinzia 710 2 $aUniversità degli Studi di Sassari:$bDipartimento di storia 710 2 $aUniversità degli Studi di Sassari:$bCentro di Studi 907 $a.b13275318$b02-04-14$c03-02-05 912 $a991000803199707536 945 $aLE001 AR IX 90/13$g1$i2001000146475$lle001$nCambio$oe$pE80.00$q-$rl$s- $t0$u0$v0$w0$x0$y.i13998043$z03-02-05 945 $aLE001 AR IX 90/13a$g1$i2001000146482$lle001$nCambio$oe$pE80.00$q-$rl$s- $t0$u0$v0$w0$x0$y.i13998055$z03-02-05 996 $aAfrica romana$9285015 997 $aUNISALENTO 998 $ale001$b03-02-05$cm$da $e-$fita$git $h0$i0 LEADER 01446nas 2200469-a 450 001 996251346103316 005 20231213213019.0 011 $a1746-8485 035 $a(DE-599)ZDB2243969-9 035 $a(OCoLC)70188970 035 $a(CKB)1000000000033980 035 $a(CONSER)--2010253014 035 $a(EXLCZ)991000000000033980 100 $a20060627a20069999 s-- a 101 0 $aeng 135 $aurbn||||||||| 181 $ctxt$2rdacontent 182 $cc$2rdamedia 183 $acr$2rdacarrier 200 10$aAnimation $ean interdisciplinary journal 210 $aLondon ;$aThousand Oaks, CA $cSage Publications 311 1 $a1746-8477 606 $aAnimation (Cinematography)$vPeriodicals 606 $aComputer animation$vPeriodicals 606 $aAnimation (Cinéma)$vPériodiques 606 $aAnimation par ordinateur$vPériodiques 606 $aAnimation (Cinematography)$2fast$3(OCoLC)fst00809628 606 $aComputer animation$2fast$3(OCoLC)fst00872015 608 $aPeriodicals.$2fast 608 $aPeriodicals.$2lcgft 610 $aPhotography 615 0$aAnimation (Cinematography) 615 0$aComputer animation 615 6$aAnimation (Cinéma) 615 6$aAnimation par ordinateur 615 7$aAnimation (Cinematography) 615 7$aComputer animation. 676 $a778.5347 906 $aJOURNAL 912 $a996251346103316 996 $aAnimation$92016743 997 $aUNISA